000 01117cam a2200313 a 4500
001 501678
003 ARRUPE
005 20140502143121.0
008 850212s1984 enk 000 0beng
010 _a 85117328
020 _a0370308085 :
_c£8.95
040 _aDLC
_cDLC
_dDLC
043 _ancpn---
050 0 0 _aF1567.T68
_bG73 1984
051 _aF1567.T68
_bG73 1984
_cCopy 2.
082 0 0 _a972.87/052/0924
_aB
_219
100 1 _aGreene, Graham,
_d1904-1991.
_910050
245 1 0 _aGetting to know the general :
_bthe story of an involvement /
_cGraham Greene.
260 _aLondon :
_bBodley Head,
_c1984.
300 _a223 p. ;
_c23 cm.
600 1 0 _aTorrijos, Omar,
_d1929-1981
_xFriends and associates.
_910051
600 1 0 _aGreene, Graham,
_d1904-1991
_xFriends and associates.
_910052
650 0 _aHeads of state
_zPanama
_vBiography.
_910053
650 0 _aGenerals
_zPanama
_vBiography.
_910054
651 0 _aPanama
_xPolitics and government
_y1946-1981.
_910055
651 0 _aPanama
_xPolitics and government
_y1981-
_910056
906 _a7
_bcbc
_corignew
_d3
_encip
_f19
_gy-gencatlg
942 _2lcc
_cMONOGRAPH
999 _c120455
_d120455